The Cambridge handbook of the learning sciences

Αποθηκεύτηκε σε:
Λεπτομέρειες βιβλιογραφικής εγγραφής
Άλλοι συγγραφείς: Sawyer, R. Keith (Robert Keith) (Επιμελητής έκδοσης)
Μορφή: Βιβλίο
Γλώσσα:English
Δημοσίευση: Cambridge; New York : Cambridge University Press, 2006
Θέματα:
Ετικέτες: Προσθήκη ετικέτας
Δεν υπάρχουν, Καταχωρήστε ετικέτα πρώτοι!

MARC

LEADER 00000nam a2200000 i 4500
001 1/54963
008 070917s2006 eng d
020 |a 978-0-521-60777-3 (pbk.) 
020 |a 0-521-60777-9 (pbk.) 
035 |l 10090727 
040 |a GR-MY-UA  |b gre  |e aacr 
041 0 |a eng 
082 0 |a 370.1523  |2 (22) 
245 1 4 |a The Cambridge handbook of the learning sciences /  |c edited by R. Keith Sawyer 
260 |a Cambridge; New York :   |b Cambridge University Press,   |c 2006 
300 |a xix, 627 σ.;  |b εικ.;  |c 26 εκ. 
504 |a Περιλαμβάνει βιβλιογραφικές παραπομπές και ευρετήριο 
650 0 0 |a Learning, Psychology of. 
650 0 0 |a Cognitive learning. 
650 0 0 |a Learning  |x Social aspects. 
700 1 |a Sawyer, R. Keith  |q (Robert Keith)  |4 edt 
852 |a INST  |b LESVOS  |e 20070917  |h 370.1523 CAM  |p 005100039096  |q 005100039096  |t BK  |y 4  |x 20120502 
901 |a BIBL1-2007-3 
909 |a Λ  |b 138369 
922 |a 1ΕΛΗ  |b 200707  |c ΕΠΕΑΕΚ2/ΠΤΕ  |d ΠΑΠΑΣΩΤΗΡΙΟΥ 
970 |a ΒΑΡΚΑ  |b ΕΛΕΥΘΕΡΙΑ  |z 2007/09/17